Nuclear interactions of the hyperons / (Record no. 72884)
[ view plain ]
| 000 -LEADER | |
|---|---|
| fixed length control field | 00920nam a2200253 a 4500 |
| 001 - CONTROL NUMBER | |
| control field | 72884 |
| 003 - CONTROL NUMBER IDENTIFIER | |
| rucl marc code | BD-RjUL |
| 005 - DATE AND TIME OF LATEST TRANSACTION | |
| control field | 20211209082324.0 |
| 008 - FIXED-LENGTH DATA ELEMENTS--GENERAL INFORMATION | |
| fixed length control field | 170524s1965 ii 000 0 eng d |
| 035 ## - SYSTEM CONTROL NUMBER | |
| System control number | (BD-RjUL)73102 |
| 040 ## - CATALOGING SOURCE | |
| Original cataloging agency | BD-RjUL |
| Language of cataloging | eng |
| Transcribing agency | BD-RjUL |
| Modifying agency | BD-RjUL |
| 041 ## - LANGUAGE CODE | |
| Language code of text/sound track or separate title | eng |
| 082 ## - DEWEY DECIMAL CLASSIFICATION NUMBER | |
| Edition number | 23 |
| Classification number | 539.72164 |
| Author mark and year | DAN 1965 |
| 100 1# - MAIN ENTRY--PERSONAL NAME | |
| Personal name | Dalitz, R. H. |
| Fuller form of name | (Richard Henry), |
| Dates associated with a name | 1925-2006 |
| 9 (RLIN) | 215582 |
| 245 10 - TITLE STATEMENT | |
| Title | Nuclear interactions of the hyperons / |
| Statement of responsibility, etc. | R.H. Dalitz. |
| 260 ## - PUBLICATION, DISTRIBUTION, ETC. (IMPRINT) | |
| Place of publication, distribution, etc. | Bombay : |
| Name of publisher, distributor, etc. | Oxford University Press for the Tata Institute of Fundamental Research, |
| Date of publication, distribution, etc. | 1965. |
| 300 ## - PHYSICAL DESCRIPTION | |
| Pagination | 106 p. : |
| Illustrations | ill. ; |
| Size | 25 cm. |
| 490 1# - SERIES STATEMENT | |
| Series statement | Studies in physics / Tata Institute of Fundamental Research ; |
| Volume/sequential designation | 2. |
| 504 ## - BIBLIOGRAPHY, ETC. NOTE | |
| Bibliography, etc | Includes bibliographical references. |
| 650 #0 - SUBJECT ADDED ENTRY--TOPICAL TERM | |
| Topical term or geographic name as entry element | Hyperons. |
| 9 (RLIN) | 215583 |
| Topical term or geographic name as entry element | Nuclear reactions. |
| 9 (RLIN) | 215584 |
| 830 #0 - SERIES ADDED ENTRY--UNIFORM TITLE | |
| Uniform title | Studies in physics (Tata Institute of Fundamental Research) ; |
| Volume number/sequential designation | 2 |
| 942 ## - ADDED ENTRY ELEMENTS (KOHA) | |
| Source of classification or shelving scheme | Dewey Decimal Classification |
| Koha item type | Books |
| Lost status | Source of classification or shelving scheme | Damaged status | Not for loan | Collection code | Permanent Location | Current Location | Shelving location | Date acquired | Source of acquisition | Total Checkouts | Full call number | Date last seen | Copy number | Koha item type |
|---|---|---|---|---|---|---|---|---|---|---|---|---|---|---|
| Dewey Decimal Classification | Not For Loan | Non-fiction | Central Library, University of Rajshahi | Central Library, University of Rajshahi | Reading Room | 04/05/1974 | oxford university- press | 539.72164 DAN 1965 | 24/05/2017 | C-1 | Books |